Little Known Army Martyrs of 1857: (Record no. 205202)

MARC details
000 -LEADER
fixed length control field 00699nam a22002057a 4500
005 - DATE AND TIME OF LATEST TRANSACTION
control field 20240822144044.0
010 ## - LCCN (DPL NO)
LC control number ENG-141371
020 ## - INTERNATIONAL STANDARD BOOK NUMBER
International Standard Book Number 9788196288693
Terms of availability 499.00
020 ## - INTERNATIONAL STANDARD BOOK NUMBER
International Standard Book Number 8196288697
035 ## - SYSTEM CONTROL NUMBER
System control number EN-124903
037 ## - SOURCE OF ACQUISITION
Source of stock number/acquisition DBAD
082 ## - DEWEY DECIMAL CLASSIFICATION NUMBER
Classification number 954.089
Edition number 1
100 ## - MAIN ENTRY--PERSONAL NAME
Personal name Karkra, B.K.
245 ## - TITLE STATEMENT
Title Little Known Army Martyrs of 1857:
Remainder of title Who Paved the Way for Indian Independence/
Statement of responsibility, etc By B.K. Karkra
250 ## - EDITION STATEMENT
Edition statement 1
260 ## - PUBLICATION, DISTRIBUTION, ETC. (IMPRINT)
Place of publication, distribution, etc New Delhi
Name of publisher, distributor, etc Bookmart Distributors
Date of publication, distribution, etc 2023
270 ## - ADDRESS
Address 210, Ansal Chamber-II, Bikaji Cama Place
City New Delhi
Postal code 110066
Telephone number +91-11-23193636
-- 9810700039
Electronic mail address bookmart329@gmail.com
300 ## - PHYSICAL DESCRIPTION
Extent vi,212p.:
Dimensions 23cm(Pb)
942 ## - ADDED ENTRY ELEMENTS (KOHA)
Source of classification or shelving scheme Dewey Decimal Classification
Item type English Books
Classification part 954.089
Call number suffix KAR
Edition 1
Holdings
Withdrawn status Lost status Not for loan Collection code Home library Current library Date acquired Source of acquisition Cost, normal purchase price Full call number Barcode Copy number Cost, replacement price Koha item type
      Non-fiction Shahdara Branch Shahdara Branch 22/08/2024 DBAD 499.00 954.089 KAR EN-124903 1 499.00 English Books

© Delhi Public Library
Hit Counter
free hit counter